000 00685nam a2200301Ia 4500
005 20260401122448.0
008 008 250103s9999 xx 000 0 eng d
020 _a9788125047643
037 _aTB
040 _aEDL
040 _beng
040 _cEDL
041 _2eng
041 _aeng
084 _a954.14CHA
084 _qEDL
100 _aChaudhuri, Rosinka
_9850275
245 0 _aFreedom andd Beef Steaks : Colonial Calcutta Culture
245 0 _cChaudhuri, Rosinka
260 _aDelhi
260 _bOrient Blackswan
260 _c2012
300 _a212p
942 _cTB
942 _h954.14CHA
999 _c1847438
_d1847438